|
|
|
|
| LEADER |
00000nla2a2200000 4500 |
| 001 |
238238 |
| 005 |
20250520154946.0 |
| 035 |
|
|
|a (RuTPU)RU\TPU\book\259424
|
| 035 |
|
|
|a RU\TPU\book\259421
|
| 090 |
|
|
|a 238238
|
| 100 |
|
|
|a 20130523d2012 k y0rusy50 ca
|
| 101 |
0 |
|
|a rus
|
| 102 |
|
|
|a RU
|
| 105 |
|
|
|a y z 101zy
|
| 135 |
|
|
|a drcn ---uucaa
|
| 181 |
|
0 |
|a i
|
| 182 |
|
0 |
|a b
|
| 200 |
1 |
|
|a Разработка подходов к созданию магнитоуправляемого наноразмерного катализатора для реакций разложения диазониевых солей
|f М. А. Морозова, П. С. Постников, М. Е. Трусова
|g науч. рук. В. Д. Филимонов
|d Approaches to the creation of magnetically controlled nanosized catalyst for decomposition reactions of arenediazonium salts
|
| 203 |
|
|
|a Текст
|c электронный
|
| 215 |
|
|
|a 1 файл(362 Кб)
|
| 225 |
1 |
|
|a Химия
|
| 300 |
|
|
|a Заглавие с экрана
|
| 320 |
|
|
|a [Библиогр.: с. 450 (4 назв.)]
|
| 330 |
|
|
|a This paper describes the creation of magnetically controlled nanosized catalyst on the surface of carbon coated Fenanoparticles. The resulting catalyst was tested forthe chlorination reaction of aromatic diazonium salts.
|
| 337 |
|
|
|a Adobe Reader
|
| 463 |
|
1 |
|0 (RuTPU)RU\TPU\book\256864
|t Перспективы развития фундаментальных наук
|l Prospects of fundamental sciences development
|o сборник научных трудов IX Международной конференция студентов и молодых ученых, г. Томск, 24-27 апреля 2012 г.
|f Национальный исследовательский Томский политехнический университет (ТПУ) ; ред. коллегия Е. А. Вайтулевич ; Г. А. Лямина ; Г. А. Воронова ; М. П. Никитич ; А. М. Лидер ; Ю. Р. Цой ; М. Е. Семенов
|v [С. 448-450]
|d 2012
|
| 510 |
1 |
|
|a Approaches to the creation of magnetically controlled nanosized catalyst for decomposition reactions of arenediazonium salts
|z eng
|
| 610 |
1 |
|
|a электронный ресурс
|
| 610 |
1 |
|
|a труды учёных ТПУ
|
| 610 |
1 |
|
|a разработка
|
| 610 |
1 |
|
|a управляющие конструкции
|
| 610 |
1 |
|
|a магнитные механизмы
|
| 610 |
1 |
|
|a катализаторы
|
| 610 |
1 |
|
|a разложение
|
| 610 |
1 |
|
|a реакции
|
| 610 |
1 |
|
|a диазониевые соли
|
| 700 |
|
1 |
|a Морозова
|b М. А.
|c химик-органик
|c инженер Томского политехнического университета
|f 1988-
|g Мария Александровна
|3 (RuTPU)RU\TPU\pers\29584
|
| 701 |
|
1 |
|a Постников
|b П. С.
|c химик-органик
|c доцент Томского политехнического университета, кандидат химических наук
|f 1984-
|g Павел Сергеевич
|3 (RuTPU)RU\TPU\pers\27922
|9 12925
|
| 701 |
|
1 |
|a Трусова
|b М. Е.
|c химик-органик
|c доцент Томского политехнического университета, кандидат химических наук
|f 1982-
|g Марина Евгеньевна
|3 (RuTPU)RU\TPU\pers\27927
|9 12930
|
| 702 |
|
1 |
|a Филимонов
|b В. Д.
|c российский химик
|c профессор Томского политехнического университета
|f 1945-
|g Виктор Дмитриевич
|4 727
|
| 801 |
|
1 |
|a RU
|b 63413507
|c 20101016
|
| 801 |
|
2 |
|a RU
|b 63413507
|c 20131017
|g RCR
|
| 850 |
|
|
|a 63413507
|
| 856 |
4 |
|
|u http://www.lib.tpu.ru/fulltext/c/2012/C21/149.pdf
|
| 942 |
|
|
|c CF
|